000
00323nam a22001337a 4500
008
171124b xxu||||| |||| 00| 0 eng d
020
_a
0070465533
041
_a
eng
080
_2
2 ED
_a
311
100
_a
55
101
_a
STA
245
_a
SPPSS OPTIONAL PROCEDURES AND RELATED PRODUCTS
_c
HILL.M
942
_2
udc
_c
BK
999
_c
38445
_d
38445